Affordable housing in the urban global south : (Record no. 608450)
[ view plain ]
| 000 -LEADER | |
|---|---|
| fixed length control field | 01451cam a2200385 i 4500 |
| 001 - CONTROL NUMBER | |
| control field | 17941687 |
| 005 - DATE AND TIME OF LATEST TRANSACTION | |
| control field | 20240228155727.0 |
| 008 - FIXED-LENGTH DATA ELEMENTS--GENERAL INFORMATION | |
| fixed length control field | 131114s2014 enka b 001 0 eng |
| 010 ## - LIBRARY OF CONGRESS CONTROL NUMBER | |
| LC control number | 2013043282 |
| 020 ## - INTERNATIONAL STANDARD BOOK NUMBER | |
| International Standard Book Number | 9780415622424 (hardback : alk. paper) |
| 020 ## - INTERNATIONAL STANDARD BOOK NUMBER | |
| International Standard Book Number | 9780415728935 (pbk. : alk. paper) |
| 020 ## - INTERNATIONAL STANDARD BOOK NUMBER | |
| Canceled/invalid ISBN | 9781315849539 (ebook) |
| 038 ## - RECORD CONTENT LICENSOR | |
| Staff Name | Malang Jan |
| 040 ## - CATALOGING SOURCE | |
| Original cataloging agency | DLC |
| Language of cataloging | eng |
| Transcribing agency | DLC |
| Description conventions | rda |
| Modifying agency | DLC |
| 042 ## - AUTHENTICATION CODE | |
| Authentication code | pcc |
| 043 ## - GEOGRAPHIC AREA CODE | |
| Geographic area code | d------ |
| 050 00 - LIBRARY OF CONGRESS CALL NUMBER | |
| Classification number | HD7391 |
| Item number | .A44 2014 |
| 082 00 - DEWEY DECIMAL CLASSIFICATION NUMBER | |
| Classification number | 363.556109 |
| Edition number | 23 |
| Author Mark | AFF |
| 245 00 - TITLE STATEMENT | |
| Title | Affordable housing in the urban global south : |
| Remainder of title | seeking sustainable solutions / |
| Statement of responsibility, etc. | edited by Jan Bredenoord, Paul van Lindert and Peer Smets. |
| 264 #1 - PRODUCTION, PUBLICATION, DISTRIBUTION, MANUFACTURE, AND COPYRIGHT NOTICE | |
| Place of production, publication, distribution, manufacture | Abingdon, Oxon : |
| Name of producer, publisher, distributor, manufacturer | Routledge, |
| Date of production, publication, distribution, manufacture, or copyright notice | 2014. |
| 300 ## - PHYSICAL DESCRIPTION | |
| Extent | xxvi, 411 pages : |
| Other physical details | illustrations ; |
| Dimensions | 24 cm |
| 336 ## - CONTENT TYPE | |
| Content type term | text |
| Source | rdacontent |
| 337 ## - MEDIA TYPE | |
| Media type term | unmediated |
| Source | rdamedia |
| 338 ## - CARRIER TYPE | |
| Carrier type term | volume |
| Source | rdacarrier |
| 504 ## - BIBLIOGRAPHY, ETC. NOTE | |
| Bibliography, etc. note | Includes bibliographical references and index. |
| 650 #0 - SUBJECT ADDED ENTRY--TOPICAL TERM | |
| Topical term or geographic name entry element | Housing |
| Geographic subdivision | Developing countries. |
| 9 (RLIN) | 121614 |
| 650 #0 - SUBJECT ADDED ENTRY--TOPICAL TERM | |
| Topical term or geographic name entry element | Housing policy |
| Geographic subdivision | Developing countries. |
| 9 (RLIN) | 121615 |
| 650 #0 - SUBJECT ADDED ENTRY--TOPICAL TERM | |
| Topical term or geographic name entry element | Urban poor |
| Geographic subdivision | Developing countries. |
| 9 (RLIN) | 121616 |
| 700 1# - ADDED ENTRY--PERSONAL NAME | |
| Personal name | Bredenoord, Jan. |
| 9 (RLIN) | 121617 |
| 700 1# - ADDED ENTRY--PERSONAL NAME | |
| Personal name | Lindert, P. van. |
| 9 (RLIN) | 121618 |
| 700 1# - ADDED ENTRY--PERSONAL NAME | |
| Personal name | Smets, Peer. |
| 9 (RLIN) | 121619 |
| 906 ## - LOCAL DATA ELEMENT F, LDF (RLIN) | |
| a | 7 |
| b | cbc |
| c | orignew |
| d | 1 |
| e | ecip |
| f | 20 |
| g | y-gencatlg |
| 942 ## - ADDED ENTRY ELEMENTS (KOHA) | |
| Source of classification or shelving scheme | |
| Koha item type | Book |
| Withdrawn status | Lost status | Source of classification or shelving scheme | Damaged status | Not for loan | Permanent Location | Current Location | Date acquired | Source of acquisition | Total Checkouts | Full call number | Barcode | Date last seen | Cost, replacement price | Price effective from | Koha item type |
|---|---|---|---|---|---|---|---|---|---|---|---|---|---|---|---|
| School of Art Design and Architecture (SADA) | School of Art Design and Architecture (SADA) | 06/14/2023 | Pak Book | 363.556109 AFF 2014 | SADA0002992 | 02/28/2024 | 11712.17 | 02/28/2024 | Book |
